Word Scramble 4-Letter B-words - Statistics

General Stats
  • This quiz has been taken 52 times
    14 since last reset
  • The average score is 11 of 12
Answer Stats
Answer % Correct
babe
100%
back
100%
bail
100%
bait
100%
bake
100%
bald
100%
ball
100%
balm
100%
band
100%
bang
100%
bank
100%
barb
100%
bard
100%
bark
100%
barn
100%
base
100%
bass
100%
bats
100%
bead
100%
beak
100%
bean
100%
bear
100%
beat
100%
beau
100%
beck
100%
beds
100%
beef
100%
been
100%
beep
100%
beer
100%
bees
100%
beet
100%
begs
100%
bell
100%
belt
100%
bend
100%
bent
100%
bets
100%
bike
100%
bile
100%
bill
100%
bind
100%
bins
100%
bird
100%
bits
100%
bled
100%
blew
100%
blob
100%
bloc
100%
blog
100%
blot
100%
blow
100%
blue
100%
blur
100%
boar
100%
boil
100%
bond
100%
boom
100%
boon
100%
born
100%
boss
100%
bout
100%
bowl
100%
bows
100%
boys
100%
bran
100%
brat
100%
bred
100%
brew
100%
brig
100%
brim
100%
buck
100%
buff
100%
bulk
100%
bull
100%
bump
100%
bunk
100%
buns
100%
burr
100%
bust
100%
busy
100%
buys
100%
buzz
100%
byte
100%
bane
67%
beam
67%
bode
67%
bare
50%
bath
50%
bias
50%
bite
50%
boot
50%
baby
0%
bags
0%
bale
0%
bans
0%
bars
0%
bash
0%
berg
0%
best
0%
beta
0%
bids
0%
boat
0%
body
0%
bold
0%
bolt
0%
bomb
0%
bone
0%
bony
0%
book
0%
bore
0%
both
0%
brag
0%
brow
0%
bugs
0%
bulb
0%
burn
0%
bury
0%
bush
0%
butt
0%
No matching quizzes found
Score Distribution
Percent of People with Each Score
Percentile by Number Answered
Your Score History
You have not taken this quiz since the last reset